000 00488nam a22001817a 4500
005 20250324143304.0
008 250324b |||||||| |||| 00| 0 eng d
020 _a978-0-593-51780-2
_cRs.1999.00
040 _aLoreto College
041 _aEnglish
082 _a153.94
_bGMA
245 _aGMAT Focus Premium Prep
260 _aNew York
_bThe Princeton Review
_c©2024
300 _a619p.
_b26p.
650 _aCompetitive examination book-GMAT
850 _aLCLIB
942 _cBK
999 _c43958
_d94437